[Event "St Jean op"]
[Site "St Jean sur Richelieu CAN"]
[Date "1994.11.05"]
[Round "1"]
[White "Tremblay, Serge"]
[Black "Hebert, Jean"]
[Result "0-1"]
[WhiteElo "1888"]
[BlackElo "2474"]
[PlyCount "40"]
[GameId "2160767912140122"]
[EventDate "1994.11.05"]
[EventType "swiss"]
[EventRounds "4"]
[EventCountry "CAN"]
[SourceTitle "EXT 2022"]
[Source "ChessBase"]
[SourceDate "2021.10.06"]
[SourceVersion "1"]
[SourceVersionDate "2021.10.06"]
[SourceQuality "1"]

1. c4 Nf6 2. Nf3 e6 3. Nc3 Bb4 4. Qc2 c5 5. e4 Nc6 6. a3 Ba5 7. e5 Ng4 8. Qe4 f5 9. exf6 Nxf6 10. Qe3 O-O 11. h3 d5 12. Qxc5 d4 13. Nd1 e5 14. b4 Bc7 15. d3 a5 16. Rb1 axb4 17. axb4 Re8 18. Nd2 e4 19. dxe4 Nxe4 20. Nxe4 Rxe4+ 0-1

[Event "St Jean op"]
[Site "St Jean sur Richelieu CAN"]
[Date "1994.11.05"]
[Round "2"]
[White "Hebert, Jean"]
[Black "Dumouchel, Alain"]
[Result "1-0"]
[WhiteElo "2474"]
[BlackElo "1957"]
[PlyCount "107"]
[GameId "2160767912140124"]
[EventDate "1994.11.05"]
[EventType "swiss"]
[EventRounds "4"]
[EventCountry "CAN"]
[SourceTitle "EXT 2022"]
[Source "ChessBase"]
[SourceDate "2021.10.06"]
[SourceVersion "1"]
[SourceVersionDate "2021.10.06"]
[SourceQuality "1"]

1. d4 d5 2. c4 c6 3. Nf3 Nf6 4. Nc3 e6 5. e3 Nbd7 6. Qc2 Bd6 7. b3 O-O 8. Be2 Re8 9. O-O dxc4 10. bxc4 e5 11. Rd1 Qe7 12. Rb1 h6 13. Nh4 Nf8 14. g3 b6 15. c5 bxc5 16. dxe5 Bxe5 17. Na4 Nd5 18. a3 Bf6 19. Ng2 Ne6 20. Bd2 Ng5 21. Nxc5 Nc3 22. Bxc3 Qxc5 23. Rbc1 Bf5 24. Qb2 Rab8 25. Bxf6 Rxb2 26. Rxc5 gxf6 27. Rxf5 Rxe2 28. Nf4 Ra2 29. Nh5 Re5 30. Rd8+ Kh7 31. g4 Rxf5 32. gxf5 Nf3+ 33. Kf1 Nxh2+ 34. Kg2 Ng4 35. Kf3 Nh2+ 36. Ke4 Ng4 37. f3 Nf2+ 38. Kf4 Nh3+ 39. Kg3 Ng5 40. Nxf6+ Kg7 41. Nh5+ Kh7 42. Nf6+ Kg7 43. Nh5+ Kh7 44. Re8 Ra1 45. f4 Rg1+ 46. Kf2 Nh3+ 47. Kf3 Ra1 48. Rf8 Ng1+ 49. Kg2 Ne2 50. Rxf7+ Kg8 51. Rxa7 c5 52. Nf6+ Kf8 53. Nh7+ Ke8 54. f6 1-0

[Event "St Jean op"]
[Site "St Jean sur Richelieu CAN"]
[Date "1994.11.06"]
[Round "3"]
[White "Hebert, Jean"]
[Black "Beauchamp, Jean-Pierre"]
[Result "1-0"]
[WhiteElo "2474"]
[BlackElo "2014"]
[PlyCount "65"]
[GameId "2160767912140125"]
[EventDate "1994.11.05"]
[EventType "swiss"]
[EventRounds "4"]
[EventCountry "CAN"]
[SourceTitle "EXT 2022"]
[Source "ChessBase"]
[SourceDate "2021.10.06"]
[SourceVersion "1"]
[SourceVersionDate "2021.10.06"]
[SourceQuality "1"]

1. c4 c5 2. Nf3 Nf6 3. Nc3 Nc6 4. d4 cxd4 5. Nxd4 d6 6. e4 e5 7. Nc2 Be7 8. Bd3 Be6 9. O-O O-O 10. Nd5 Re8 11. Nxe7+ Nxe7 12. b3 Ng6 13. g3 Bh3 14. Re1 Qd7 15. Bg5 Ng4 16. f3 h6 17. Bc1 Nf6 18. Ne3 h5 19. Qd2 Ne7 20. Bb2 Qe6 21. Rad1 Rad8 22. Qf2 g5 23. Kh1 Kh8 24. c5 d5 25. exd5 Nexd5 26. Bc4 Nxe3 27. Qxe3 Qf5 28. Bd3 Rxd3 29. Qxd3 e4 30. Rxe4 Rc8 31. Re5 Qxd3 32. Rxd3 Rg8 33. Rxg5 1-0

[Event "St Jean op"]
[Site "St Jean sur Richelieu CAN"]
[Date "1994.11.06"]
[Round "4"]
[White "Schleifer, Michael"]
[Black "Hebert, Jean"]
[Result "1/2-1/2"]
[WhiteElo "2310"]
[BlackElo "2474"]
[PlyCount "60"]
[GameId "2160767912140126"]
[EventDate "1994.11.05"]
[EventType "swiss"]
[EventRounds "4"]
[EventCountry "CAN"]
[SourceTitle "EXT 2022"]
[Source "ChessBase"]
[SourceDate "2021.10.06"]
[SourceVersion "1"]
[SourceVersionDate "2021.10.06"]
[SourceQuality "1"]

1. e4 e6 2. d4 d5 3. Nc3 Bb4 4. Nge2 dxe4 5. a3 Be7 6. Nxe4 Nf6 7. Nxf6+ Bxf6 8. Be3 Nc6 9. Qd2 O-O 10. f4 b6 11. O-O-O Na5 12. Nc3 Bb7 13. Rg1 Rc8 14. g4 c5 15. dxc5 Qxd2+ 16. Rxd2 Bxc3 17. bxc3 Bd5 18. g5 bxc5 19. f5 Bc4 20. Bh3 Bd5 21. Bf1 Bc4 22. Bh3 Ba2 23. Kb2 Bd5 24. Bf1 Bc4 25. Bh3 Rfe8 26. Ka1 g6 27. fxg6 hxg6 28. Rd7 a6 29. a4 Nc6 30. Bf1 Ne5 1/2-1/2

[Event "St Marie de Beauce op"]
[Site "St Marie de Beauce CAN"]
[Date "1994.10.28"]
[Round "1"]
[White "Hebert, Jean"]
[Black "Filion, Charles"]
[Result "1-0"]
[WhiteElo "2486"]
[BlackElo "1955"]
[PlyCount "69"]
[GameId "2160767912140158"]
[EventDate "1994.10.28"]
[EventType "swiss"]
[EventRounds "5"]
[EventCountry "CAN"]
[SourceTitle "EXT 2022"]
[Source "ChessBase"]
[SourceDate "2021.10.06"]
[SourceVersion "1"]
[SourceVersionDate "2021.10.06"]
[SourceQuality "1"]

1. d4 Nf6 2. Nf3 e6 3. c4 b6 4. e3 Bb7 5. Bd3 Be7 6. Nbd2 d5 7. b3 Nbd7 8. Bb2 O-O 9. O-O c5 10. Qc2 h6 11. Rad1 Rc8 12. Qb1 Qc7 13. Rfe1 cxd4 14. exd4 Bb4 15. a3 Bxd2 16. Nxd2 dxc4 17. bxc4 Ng4 18. Nf1 Ba6 19. h3 Ngf6 20. Ne3 Rfd8 21. Qa1 Bb7 22. d5 exd5 23. cxd5 Qf4 24. Nf5 Rc5 25. g3 Qa4 26. Bd4 Ra5 27. Bc3 Rxd5 28. Ne7+ Kh8 29. Nxd5 Bxd5 30. Bf5 Qc6 31. Bxd7 Rxd7 32. Bxf6 gxf6 33. Rc1 Qd6 34. Qd4 Bb3 35. Re8+ 1-0

[Event "St Marie de Beauce op"]
[Site "St Marie de Beauce CAN"]
[Date "1994.10.29"]
[Round "2"]
[White "Rousseau, Daniel"]
[Black "Hebert, Jean"]
[Result "1/2-1/2"]
[WhiteElo "2087"]
[BlackElo "2486"]
[PlyCount "53"]
[GameId "2160767912140161"]
[EventDate "1994.10.28"]
[EventType "swiss"]
[EventRounds "5"]
[EventCountry "CAN"]
[SourceTitle "EXT 2022"]
[Source "ChessBase"]
[SourceDate "2021.10.06"]
[SourceVersion "1"]
[SourceVersionDate "2021.10.06"]
[SourceQuality "1"]

1. c4 e5 2. Nc3 Bb4 3. Nf3 Nc6 4. Nd5 Bd6 5. d4 exd4 6. Nxd4 Nge7 7. Nb5 Be5 8. f4 a6 9. Nbc3 Bxc3+ 10. Nxc3 d6 11. e4 f5 12. Bd3 O-O 13. O-O fxe4 14. Bxe4 Nf5 15. g4 Nh6 16. h3 Qh4 17. Bg2 Bxg4 18. hxg4 Nxg4 19. Rf3 Qh2+ 20. Kf1 Qh4 21. Kg1 Rae8 22. Qd5+ Kh8 23. Bd2 Qh2+ 24. Kf1 Qh4 25. Kg1 Qh2+ 26. Kf1 Qh4 27. Kg1 1/2-1/2

[Event "St Marie de Beauce op"]
[Site "St Marie de Beauce CAN"]
[Date "1994.10.29"]
[Round "3"]
[White "Hebert, Jean"]
[Black "Leriche, Felix"]
[Result "1-0"]
[WhiteElo "2486"]
[BlackElo "2049"]
[PlyCount "90"]
[GameId "2160767912140162"]
[EventDate "1994.10.28"]
[EventType "swiss"]
[EventRounds "5"]
[EventCountry "CAN"]
[SourceTitle "EXT 2022"]
[Source "ChessBase"]
[SourceDate "2021.10.06"]
[SourceVersion "1"]
[SourceVersionDate "2021.10.06"]
[SourceQuality "1"]

1. Nf3 d6 2. d4 Nf6 3. Nbd2 c5 4. e3 cxd4 5. exd4 g6 6. Bd3 Bg7 7. O-O O-O 8. Re1 Nc6 9. c3 Bd7 10. b4 a6 11. Nb3 Re8 12. Bg5 h6 13. Bh4 Nd5 14. Rc1 b5 15. Be4 Nb6 16. d5 Ne5 17. Bg3 Nec4 18. Nfd4 Rc8 19. f4 Bf6 20. f5 Kg7 21. fxg6 fxg6 22. Ne6+ Bxe6 23. dxe6 Rf8 24. h4 Na4 25. Qg4 Qe8 26. h5 g5 27. Bg6 Qd8 28. Nd4 Rh8 29. Nf5+ Kg8 30. Bf2 Ne5 31. Rxe5 Bxe5 32. Bd4 Nxc3 33. Bxe5 dxe5 34. Kh2 Rc4 35. Qg3 Qc7 36. Nxh6+ Rxh6 37. Qxg5 Rxg6 38. Qxg6+ Kh8 39. Qh6+ Kg8 40. Qg5+ Kh8 41. h6 Rh4+ 42. Qxh4 e4+ 43. Kh1 Qe5 44. Qg4 Kh7 45. Rf1 Kxh6 1-0

[Event "St Marie de Beauce op"]
[Site "St Marie de Beauce CAN"]
[Date "1994.10.29"]
[Round "5"]
[White "Lachance, Steve"]
[Black "Hebert, Jean"]
[Result "1/2-1/2"]
[WhiteElo "1995"]
[BlackElo "2486"]
[PlyCount "113"]
[GameId "2160767912140166"]
[EventDate "1994.10.28"]
[EventType "swiss"]
[EventRounds "5"]
[EventCountry "CAN"]
[SourceTitle "EXT 2022"]
[Source "ChessBase"]
[SourceDate "2021.10.06"]
[SourceVersion "1"]
[SourceVersionDate "2021.10.06"]
[SourceQuality "1"]

1. e4 c5 2. Nf3 Nc6 3. d4 cxd4 4. Nxd4 e5 5. Nf5 d5 6. exd5 Bxf5 7. dxc6 Qxd1+ 8. Kxd1 O-O-O+ 9. Bd2 bxc6 10. Bc4 Bc5 11. Ke2 Nf6 12. Bg5 Rd7 13. Bxf6 gxf6 14. Nc3 Rg8 15. g3 Bxc2 16. Rac1 Bg6 17. Rhd1 Bh5+ 18. f3 Rxd1 19. Nxd1 Bd4 20. Bd5 c5 21. Ne3 Bg6 22. Be4 Kd7 23. Nf5 h5 24. b3 Bxf5 25. Bxf5+ Kd6 26. Kd3 Kd5 27. g4 hxg4 28. Bxg4 Bf2 29. Rc2 Bh4 30. Rg2 f5 31. Bh3 e4+ 32. Ke3 Rxg2 33. Bxg2 Bg5+ 34. f4 Bf6 35. h4 Bxh4 36. Bf1 Ke6 37. Bc4+ Kf6 38. Bb5 Ke7 39. Ba6 Bf6 40. Bc8 Bd4+ 41. Ke2 Kf6 42. Bd7 Bb2 43. Kf2 Ba3 44. Bc8 a5 45. Bd7 Kg6 46. Bc8 a4 47. Bd7 Bc1 48. Kg3 a3 49. Bc8 Bd2 50. Bd7 Kf6 51. Bc8 Bc1 52. Bd7 Bd2 53. Bc8 e3 54. Kf3 e2 55. Kxe2 Bxf4 56. Ba6 Ke5 57. b4 1/2-1/2

[Event "Montreal-Toronto m"]
[Site "Kingston CAN"]
[Date "1994.09.24"]
[Round "1"]
[White "Hebert, Jean"]
[Black "Day, Lawrence"]
[Result "1-0"]
[WhiteElo "2450"]
[BlackElo "2460"]
[PlyCount "67"]
[GameId "2160767912140258"]
[EventDate "1994.09.24"]
[EventType "team (rapid)"]
[EventRounds "1"]
[EventCountry "CAN"]

1. d4 Nf6 2. c4 d6 3. Nc3 Bf5 4. g3 h6 5. Bg2 c6 6. Nf3 Nbd7 7. d5 c5 8. Nh4 Bh7 9. f4 Qa5 10. O-O Qb4 11. Nb5 Qa5 12. Bd2 Qd8 13. e4 a6 14. Nc3 g5 15. fxg5 hxg5 16. Bxg5 Rg8 17. Bxf6 Nxf6 18. Qf3 Bg7 19. Bh3 b5 20. Rae1 b4 21. Na4 Rb8 22. Kh1 Rf8 23. e5 dxe5 24. Rxe5 Qd6 25. Rfe1 Ng8 26. R5e2 Bf6 27. Bf5 Bxh4 28. Bxh7 Bf6 29. Bxg8 Rxg8 30. Nxc5 Qxc5 31. Qxf6 Rb7 32. Rf2 Rf8 33. d6 Qa7 34. c5 1-0

[Event "Montreal op"]
[Site "Montreal CAN"]
[Date "1994.09.03"]
[Round "1"]
[White "Hebert, Jean"]
[Black "Lacroix, Serge"]
[Result "1-0"]
[WhiteElo "2496"]
[BlackElo "1967"]
[PlyCount "75"]
[GameId "2160767912140303"]
[EventDate "1994.09.03"]
[EventType "swiss"]
[EventRounds "5"]
[EventCountry "CAN"]
[SourceTitle "FQE 08"]

1. d4 Nf6 2. c4 e6 3. Nf3 d5 4. Nc3 c5 5. cxd5 exd5 6. Bg5 Be7 7. e3 Be6 8. Bb5+ Nc6 9. dxc5 Bxc5 10. O-O O-O 11. Rc1 Be7 12. Qe2 Ne4 13. Bxc6 Nxg5 14. Bxb7 Rb8 15. Nxg5 Bxg5 16. Bxd5 Bf5 17. Rfd1 Qf6 18. Bb3 Rfe8 19. Qf3 Qg6 20. Qg3 Rb6 21. Rd2 Qh6 22. Rcd1 Rg6 23. Qe5 Be6 24. Ne4 Be7 25. Qb5 Rf8 26. Bxe6 Rxe6 27. Qb7 Qh4 28. Ng3 Rh6 29. h3 Bf6 30. Qe4 Qxe4 31. Nxe4 Bh4 32. Rd7 Bf6 33. b3 a5 34. Ra7 Bd8 35. Ra8 Bb6 36. Ra6 Bd8 37. Rdd6 Re8 38. Ra8 1-0

[Event "Montreal op"]
[Site "Montreal CAN"]
[Date "1994.09.04"]
[Round "2"]
[White "Belanger, Jacques"]
[Black "Hebert, Jean"]
[Result "0-1"]
[WhiteElo "1995"]
[BlackElo "2496"]
[PlyCount "60"]
[GameId "2160767912140314"]
[EventDate "1994.09.03"]
[EventType "swiss"]
[EventRounds "5"]
[EventCountry "CAN"]
[SourceTitle "EXT 2022"]
[Source "ChessBase"]
[SourceDate "2021.10.06"]
[SourceVersion "1"]
[SourceVersionDate "2021.10.06"]
[SourceQuality "1"]

1. e4 c5 2. Nf3 Nc6 3. d4 cxd4 4. Nxd4 e5 5. Nb5 d6 6. c4 Be6 7. N1c3 a6 8. Na3 Be7 9. Be2 Rc8 10. O-O h6 11. Nd5 Nf6 12. f3 O-O 13. Be3 Ne8 14. Qb3 Bg5 15. Qxb7 Bxe3+ 16. Nxe3 Nd4 17. Rf2 Rb8 18. Qxa6 Rxb2 19. c5 dxc5 20. Bc4 Rb6 21. Qa4 Rb4 22. Qd1 Nd6 23. Bxe6 fxe6 24. Ng4 Qg5 25. Qd2 Qxd2 26. Rxd2 Ra8 27. Rd3 c4 28. Re3 Rba4 29. Nxe5 Rxa3 30. Rxa3 Rxa3 0-1

[Event "Montreal op"]
[Site "Montreal CAN"]
[Date "1994.09.04"]
[Round "3"]
[White "Hebert, Jean"]
[Black "St Amand, Paul Jr"]
[Result "1/2-1/2"]
[WhiteElo "2496"]
[BlackElo "2079"]
[PlyCount "82"]
[GameId "2160767912140324"]
[EventDate "1994.09.03"]
[EventType "swiss"]
[EventRounds "5"]
[EventCountry "CAN"]
[SourceTitle "EXT 2022"]
[Source "ChessBase"]
[SourceDate "2021.10.06"]
[SourceVersion "1"]
[SourceVersionDate "2021.10.06"]
[SourceQuality "1"]

1. c4 Nf6 2. Nc3 c5 3. Nf3 Nc6 4. g3 e6 5. Bg2 d5 6. cxd5 Nxd5 7. O-O Be7 8. Nxd5 exd5 9. d4 O-O 10. dxc5 Bxc5 11. Ng5 h6 12. Nh3 Bf5 13. Nf4 d4 14. Bd2 Qd7 15. Rc1 Bb6 16. Qa4 Rac8 17. Qb5 Rfe8 18. Rfe1 Re5 19. Qb3 Be4 20. Bxe4 Rxe4 21. Qd5 Qe8 22. b4 Rd8 23. Qb5 Re5 24. Qc4 Qd7 25. Qd3 g5 26. Nh5 Qh3 27. Qf3 Rf5 28. Qg2 Qxg2+ 29. Kxg2 d3 30. e3 Nxb4 31. g4 Ra5 32. Rc4 Nxa2 33. Rb1 Rc5 34. Rxc5 Bxc5 35. Nf6+ Kg7 36. Ne4 b6 37. Ra1 Nb4 38. Rxa7 Nd5 39. Ra4 Kf8 40. Rc4 Be7 41. Kf3 b5 1/2-1/2

[Event "Montreal op"]
[Site "Montreal CAN"]
[Date "1994.09.05"]
[Round "4"]
[White "Hebert, Jean"]
[Black "Reeve, Jeff"]
[Result "1/2-1/2"]
[WhiteElo "2496"]
[BlackElo "2236"]
[PlyCount "67"]
[GameId "2160767912140335"]
[EventDate "1994.09.03"]
[EventType "swiss"]
[EventRounds "5"]
[EventCountry "CAN"]
[SourceTitle "EXT 2022"]
[Source "ChessBase"]
[SourceDate "2021.10.06"]
[SourceVersion "1"]
[SourceVersionDate "2021.10.06"]
[SourceQuality "1"]

1. d4 Nf6 2. c4 g6 3. Nc3 Bg7 4. e4 d6 5. Be2 O-O 6. Be3 Na6 7. Nf3 e5 8. O-O Ng4 9. Bg5 f6 10. Bc1 c6 11. h3 Nh6 12. Rb1 Qe7 13. b4 exd4 14. Nxd4 f5 15. Bxh6 Bxh6 16. b5 Nc5 17. exf5 Bxf5 18. Nxf5 gxf5 19. bxc6 bxc6 20. Bf3 Qd7 21. Qc2 Rae8 22. Rfd1 Re5 23. Re1 Rfe8 24. Rxe5 dxe5 25. Rd1 Qe6 26. Na4 Nxa4 27. Qxa4 e4 28. Bh5 Re7 29. Qb3 Bf4 30. Qc3 Rd7 31. Rxd7 Qxd7 32. c5 Qd2 33. Qc4+ Qd5 34. Qc2 1/2-1/2

[Event "Montreal op"]
[Site "Montreal CAN"]
[Date "1994.09.05"]
[Round "5"]
[White "Gladu, Pierre"]
[Black "Hebert, Jean"]
[Result "0-1"]
[WhiteElo "2019"]
[BlackElo "2496"]
[PlyCount "48"]
[GameId "2160767912140345"]
[EventDate "1994.09.03"]
[EventType "swiss"]
[EventRounds "5"]
[EventCountry "CAN"]
[SourceTitle "EXT 2022"]
[Source "ChessBase"]
[SourceDate "2021.10.06"]
[SourceVersion "1"]
[SourceVersionDate "2021.10.06"]
[SourceQuality "1"]

1. e4 e6 2. d4 d5 3. Nd2 Nf6 4. e5 Nfd7 5. Bd3 c5 6. c3 Nc6 7. Ne2 cxd4 8. cxd4 f6 9. Nf4 Nxd4 10. Qh5+ Ke7 11. Ng6+ hxg6 12. exf6+ Nxf6 13. Qxh8 e5 14. Bxg6 e4 15. O-O Ne2+ 16. Kh1 Nf4 17. Bh7 Qd6 18. a4 Kf7 19. Ra3 g5 20. Rg3 Bg7 21. Nxe4 dxe4 22. Bxf4 Qxf4 23. Qd8 Nxh7 24. Rc3 Bxc3 0-1

[Event "Festival gourmands"]
[Site "Asbestos CAN"]
[Date "1994.08.26"]
[Round "1"]
[White "Hebert, Jean"]
[Black "St Amand, Paul Jr"]
[Result "1/2-1/2"]
[WhiteElo "2495"]
[BlackElo "2025"]
[PlyCount "47"]
[GameId "2160767912140403"]
[EventDate "1994.08.26"]
[EventType "swiss"]
[EventRounds "5"]
[EventCountry "CAN"]
[SourceTitle "EXT 2022"]
[Source "ChessBase"]
[SourceDate "2021.10.06"]
[SourceVersion "1"]
[SourceVersionDate "2021.10.06"]
[SourceQuality "1"]

1. Nf3 d5 2. g3 c5 3. Bg2 Nc6 4. O-O Nf6 5. d3 e6 6. Nbd2 Be7 7. e4 O-O 8. Re1 Rb8 9. e5 Nd7 10. Nf1 b5 11. h4 a5 12. N1h2 b4 13. Ng4 a4 14. h5 Ba6 15. Bf4 Rb6 16. b3 Bb5 17. Qd2 Ra6 18. Bh3 Re8 19. Ne3 Nd4 20. Nxd4 cxd4 21. Ng4 Qa8 22. Bg5 Bf8 23. h6 g6 24. Bf1 1/2-1/2

[Event "Festival gourmands"]
[Site "Asbestos CAN"]
[Date "1994.08.27"]
[Round "3"]
[White "Hebert, Jean"]
[Black "Abreu Cordero, Jose"]
[Result "1-0"]
[WhiteElo "2495"]
[BlackElo "1923"]
[PlyCount "47"]
[GameId "2160767912140411"]
[EventDate "1994.08.26"]
[EventType "swiss"]
[EventRounds "5"]
[EventCountry "CAN"]
[SourceTitle "EXT 2022"]
[Source "ChessBase"]
[SourceDate "2021.10.06"]
[SourceVersion "1"]
[SourceVersionDate "2021.10.06"]
[SourceQuality "1"]

1. d4 c6 2. c4 d5 3. cxd5 cxd5 4. Nc3 e6 5. Bf4 Nf6 6. e3 a6 7. Bd3 Bd6 8. Bxd6 Qxd6 9. f4 Bd7 10. Nf3 Nc6 11. Ne5 Rb8 12. O-O O-O 13. Rf3 Ne7 14. g4 g6 15. Qe1 Kg7 16. Qh4 Rh8 17. f5 exf5 18. Raf1 h6 19. Qg3 Ne4 20. Bxe4 dxe4 21. Nxe4 fxe4 22. Rxf7+ Kg8 23. Qf4 Nd5 24. Rg7+ 1-0

[Event "Festival gourmands"]
[Site "Asbestos CAN"]
[Date "1994.08.28"]
[Round "4"]
[White "Schleifer, Michael"]
[Black "Hebert, Jean"]
[Result "0-1"]
[WhiteElo "2304"]
[BlackElo "2495"]
[PlyCount "120"]
[GameId "2160767912140418"]
[EventDate "1994.08.26"]
[EventType "swiss"]
[EventRounds "5"]
[EventCountry "CAN"]
[SourceTitle "EXT 2022"]
[Source "ChessBase"]
[SourceDate "2021.10.06"]
[SourceVersion "1"]
[SourceVersionDate "2021.10.06"]
[SourceQuality "1"]

1. d4 Nf6 2. c4 e6 3. Nf3 Bb4+ 4. Bd2 Qe7 5. Qc2 Nc6 6. a3 Bxd2+ 7. Nbxd2 a5 8. b3 d6 9. e3 e5 10. d5 Nb8 11. Be2 O-O 12. O-O c6 13. dxc6 Nxc6 14. Bd3 Bg4 15. Bf5 Bxf3 16. Nxf3 e4 17. Nd2 Rfe8 18. Qb2 Rad8 19. b4 d5 20. c5 Qc7 21. Rac1 Re5 22. Bh3 Rh5 23. f4 exf3 24. Rxf3 axb4 25. axb4 Rh4 26. Rg3 Kf8 27. e4 Qe5 28. Qxe5 Nxe5 29. b5 dxe4 30. Nb3 Nd3 31. Rc2 Nd5 32. Rc4 N5f4 33. c6 bxc6 34. bxc6 Nxh3+ 35. gxh3 Ne5 36. c7 Rc8 37. Rcc3 Nf3+ 38. Kg2 Rf4 39. Rg4 Ne1+ 40. Kg1 Nf3+ 41. Kg2 Ne1+ 42. Kg3 Rf3+ 43. Rxf3 Nxf3 44. Rxe4 Ng5 45. Rc4 Ne6 46. Nc5 Ke7 47. Nxe6 Kxe6 48. Rh4 h6 49. Rg4 g6 50. Rh4 h5 51. Re4+ Kd6 52. Rd4+ Kxc7 53. Kf4 Rd8 54. Ra4 Rd2 55. Ra7+ Kd6 56. Kg5 Ke6 57. Ra6+ Ke7 58. Kh6 Rxh2 59. Kg7 Rxh3 60. Rf6 Rg3 0-1

[Event "Festival gourmands"]
[Site "Asbestos CAN"]
[Date "1994.08.28"]
[Round "5"]
[White "Hebert, Jean"]
[Black "Mikanovic, Goran"]
[Result "1-0"]
[WhiteElo "2495"]
[BlackElo "2277"]
[PlyCount "73"]
[GameId "2160767912140422"]
[EventDate "1994.08.26"]
[EventType "swiss"]
[EventRounds "5"]
[EventCountry "CAN"]
[SourceTitle "EXT 2022"]
[Source "ChessBase"]
[SourceDate "2021.10.06"]
[SourceVersion "1"]
[SourceVersionDate "2021.10.06"]
[SourceQuality "1"]

1. c4 e5 2. Nc3 Nf6 3. g3 d5 4. cxd5 Nxd5 5. Bg2 Nb6 6. Nf3 Nc6 7. O-O Be7 8. a3 O-O 9. b4 Re8 10. d3 Bf8 11. Bb2 a5 12. b5 Nd4 13. Nxd4 exd4 14. Na4 Nxa4 15. Qxa4 Rxe2 16. Bxd4 Bd6 17. Be3 Qe8 18. Qd1 Rb2 19. a4 Rb4 20. Re1 Qf8 21. Be4 Be6 22. Bxb7 Rb8 23. Qf3 Bb3 24. Ba7 Rd8 25. Re4 f5 26. Rxb4 Bxb4 27. d4 Qf7 28. Bc5 Qc4 29. Qxf5 Bxc5 30. dxc5 Qd4 31. Rf1 Rf8 32. Qb1 Bc4 33. Qd1 Qxc5 34. Qc2 Kh8 35. Rc1 Qb6 36. Qxc4 Qxb7 37. Qxc7 1-0

[Event "Quebec-ch semi-rapide"]
[Site "Montreal CAN"]
[Date "1994.07.31"]
[Round "1"]
[White "Gerol, Dmitry"]
[Black "Hebert, Jean"]
[Result "0-1"]
[WhiteElo "1733"]
[BlackElo "2434"]
[PlyCount "48"]
[GameId "2160767912198085"]
[EventDate "1994.07.31"]
[EventType "swiss (rapid)"]
[EventRounds "6"]
[EventCountry "CAN"]

1. d4 Nf6 2. c4 c5 3. Nf3 e6 4. g3 cxd4 5. Nxd4 d5 6. Bg2 e5 7. Nf3 d4 8. O-O Nc6 9. e3 Bc5 10. exd4 exd4 11. Re1+ Be6 12. Bg5 O-O 13. Nbd2 d3 14. Ne4 Nxe4 15. Bxd8 Nxf2 16. Qb3 Raxd8 17. h3 d2 18. Kh2 dxe1=Q 19. Rxe1 Nd4 20. Nxd4 Rxd4 21. Qxb7 Rd2 22. b4 Nd3 23. Rxe6 fxe6 24. bxc5 Ne1 0-1

[Event "Quebec-ch semi-rapide"]
[Site "Montreal CAN"]
[Date "1994.07.31"]
[Round "3"]
[White "Schleifer, Michael"]
[Black "Hebert, Jean"]
[Result "0-1"]
[WhiteElo "2309"]
[BlackElo "2434"]
[PlyCount "56"]
[GameId "2160767912198086"]
[EventDate "1994.07.31"]
[EventType "swiss (rapid)"]
[EventRounds "6"]
[EventCountry "CAN"]

1. d4 Nf6 2. c4 e6 3. Nf3 b6 4. Bg5 Bb4+ 5. Nbd2 Bb7 6. a3 Bxd2+ 7. Nxd2 h6 8. Bh4 c5 9. dxc5 bxc5 10. Qc2 Qa5 11. O-O-O g5 12. Bg3 Nc6 13. e3 Rc8 14. Be2 Qb6 15. h4 g4 16. Qc3 e5 17. Bxe5 Nxe5 18. Qxe5+ Qe6 19. Qxe6+ fxe6 20. f3 Rg8 21. Rhg1 Ke7 22. f4 g3 23. Bf3 Bxf3 24. gxf3 d5 25. Rg2 d4 26. exd4 Nh5 27. Re2 Nxf4 28. Re4 Nd3+ 0-1

[Event "Quebec-ch semi-rapide"]
[Site "Montreal CAN"]
[Date "1994.07.31"]
[Round "5"]
[White "O'Donnell, Tom"]
[Black "Hebert, Jean"]
[Result "0-1"]
[WhiteElo "2299"]
[BlackElo "2434"]
[PlyCount "70"]
[GameId "2160767912198088"]
[EventDate "1994.07.31"]
[EventType "swiss (rapid)"]
[EventRounds "6"]
[EventCountry "CAN"]

1. e4 e6 2. d4 d5 3. Nd2 Nf6 4. e5 Nfd7 5. f4 c5 6. c3 cxd4 7. cxd4 Nc6 8. Ndf3 h5 9. Bd3 Nb6 10. Ne2 Be7 11. h3 Bd7 12. Kf2 a5 13. g4 Nb4 14. Bb1 Bb5 15. Nc3 Ba6 16. a3 Nc6 17. f5 hxg4 18. hxg4 Kd7 19. Bf4 Nc4 20. b3 Nb2 21. Qg1 Rxh1 22. Qxh1 Qh8 23. Qxh8 Rxh8 24. Ra2 Nd3+ 25. Bxd3 Bxd3 26. Ke3 Ba6 27. g5 Rh3 28. f6 Nxd4 29. Kxd4 Rxf3 30. fxe7 Rd3+ 31. Kc5 Rxc3+ 32. Kb6 Rxb3+ 33. Kxa5 Bc4 34. Ra1 b6+ 35. Ka4 Rb2 0-1

[Event "Quebec-ch semi-rapide"]
[Site "Montreal CAN"]
[Date "1994.07.31"]
[Round "6"]
[White "Hebert, Jean"]
[Black "Hergott, Deen"]
[Result "1-0"]
[WhiteElo "2434"]
[BlackElo "2258"]
[PlyCount "49"]
[GameId "2160767912198089"]
[EventDate "1994.07.31"]
[EventType "swiss (rapid)"]
[EventRounds "6"]
[EventCountry "CAN"]

1. c4 b6 2. Nc3 Bb7 3. e4 e6 4. Nf3 Bb4 5. d3 d5 6. cxd5 exd5 7. Qa4+ Nc6 8. Bd2 Nge7 9. Be2 O-O 10. O-O a5 11. Rac1 dxe4 12. dxe4 Ng6 13. Rfd1 Qe7 14. Bg5 f6 15. Be3 Bxc3 16. Rxc3 Qb4 17. Qc2 Nce5 18. Rd4 Nxf3+ 19. Bxf3 Qb5 20. a4 Qe5 21. Rxc7 Bc8 22. Qc6 Be6 23. Qb7 f5 24. exf5 Bxf5 25. Qd5+ 1-0

[Event "Quebec op"]
[Site "Montreal CAN"]
[Date "1994.07.23"]
[Round "1"]
[White "Hebert, Jean"]
[Black "Luksza, Arkadiusz"]
[Result "1-0"]
[WhiteElo "2484"]
[BlackElo "1955"]
[PlyCount "95"]
[GameId "2160767912198111"]
[EventDate "1994.07.23"]
[EventType "swiss"]
[EventRounds "8"]
[EventCountry "CAN"]
[SourceTitle "EXT 94op"]

1. Nf3 Nf6 2. c4 g6 3. Nc3 Bg7 4. d4 d5 5. cxd5 Nxd5 6. e4 Nxc3 7. bxc3 O-O 8. Be2 c5 9. Rb1 Nc6 10. d5 Ne5 11. Nxe5 Bxe5 12. Qc2 e6 13. f4 Bg7 14. c4 Re8 15. Rb3 b6 16. O-O Bb7 17. Bf3 Bd4+ 18. Kh1 Qd7 19. Bb2 Bxb2 20. Rxb2 Rad8 21. Rd1 Qe7 22. Rbb1 Qf6 23. Qd2 e5 24. g3 Bc8 25. Rf1 Kg7 26. Bg2 Qe7 27. f5 f6 28. h4 gxf5 29. exf5 Kh8 30. g4 Qg7 31. Bh3 Rg8 32. Rg1 Rde8 33. Rg2 Bb7 34. a4 Qd7 35. a5 Ba6 36. Qc3 bxa5 37. g5 Qd6 38. Rbg1 Rb8 39. Rg4 a4 40. Qc1 Rb3 41. Bf1 fxg5 42. Rxg5 Rf8 43. Rg6 Qe7 44. Qh6 Bxc4 45. f6 Bxd5+ 46. Kh2 Rb2+ 47. R1g2 Bxg2 48. fxe7 1-0